| 000 | 00505nam a22001337a 4500 | ||
|---|---|---|---|
| 999 |
_c67443 _d67440 |
||
| 100 |
_aZulfiqar Gul Shaikh _a19MSIT08 _aSupervisor - Prof.Dr Zahid Hussain Abro |
||
| 245 | _aA Framework For Cloud Service Evaluation and Selection Based on User Preferences and Location (ME Thesis) | ||
| 260 |
_aNawabshah _bQuest _c2021 |
||
| 300 | _a68p. | ||
| 650 | _aMaster of Science in Information Technology | ||
| 700 | _aDepartment of Information Technology | ||
| 856 | _uhttps://tinyurl.com/5n8nuf94 | ||
| 942 | _cTHESIS | ||